|
|
|
|
| LEADER |
00000nam0a2200000 4500 |
| 001 |
144690 |
| 005 |
20231101221118.0 |
| 029 |
1 |
0 |
|a RU
|b 50-123-91
|c Р
|
| 035 |
|
|
|a (RuTPU)RU\TPU\book\156812
|
| 035 |
|
|
|a RU\TPU\book\156809
|
| 090 |
|
|
|a 144690
|
| 100 |
|
|
|a 20081007d1992 k a0rusy50 ca
|
| 101 |
0 |
|
|a rus
|
| 102 |
|
|
|a RU
|
| 105 |
|
|
|a a l 000zy
|
| 200 |
1 |
|
|a Выбор оптимальных технологических режимов изготовления отливок при литье под давлением с применением стендов контроля технологических параметров. Рекомендации Р 50-123-91
|f Комитет стандартизации и метрологии СССР
|
| 210 |
|
|
|a Москва
|c Издательство стандартов
|d 1992
|
| 215 |
|
|
|a 40 с.
|
| 225 |
1 |
|
|a Рекомендации
|
| 229 |
|
|
|a Введены в действие Постановлением Комитета стандартизации и метрологии СССР от 27.09.91 № 1504. Введены впервые
|
| 610 |
1 |
|
|a рекомендации
|
| 610 |
1 |
|
|a технологические режимы
|
| 610 |
1 |
|
|a отливки
|
| 610 |
1 |
|
|a литье
|
| 610 |
1 |
|
|a литье под давлением
|
| 610 |
1 |
|
|a применение
|
| 610 |
1 |
|
|a стенды
|
| 610 |
1 |
|
|a контроль
|
| 610 |
1 |
|
|a технологические параметры
|
| 610 |
1 |
|
|a блок-схемы
|
| 610 |
1 |
|
|a графики
|
| 610 |
1 |
|
|a изготовление
|
| 675 |
|
|
|a 621.74(083)
|v 3
|
| 712 |
0 |
2 |
|a Комитет стандартизации и метрологии СССР
|2 stltpush
|3 (RuTPU)RU\TPU\col\13362
|9 25628
|
| 801 |
|
1 |
|a RU
|b 63413507
|c 20080619
|g PSBO
|
| 801 |
|
2 |
|a RU
|b 63413507
|c 20221207
|g PSBO
|
| 942 |
|
|
|c BK
|